| 000 | 00673nam a2200241 i 4500 | ||
|---|---|---|---|
| 001 | 000046731 | ||
| 003 | DO-SdBNP | ||
| 005 | 20240613133538.0 | ||
| 007 | ta | ||
| 008 | 180321s2013 dr 000 spa d | ||
| 020 | _a9789945489316 | ||
| 040 |
_aDO-SdBNP _bspa _cBNPHU _erda |
||
| 082 | 4 | _222 | |
| 100 | 1 |
_aMessón, Omar. _964170 _eauto |
|
| 245 | 1 | 0 |
_aDiccionario para consumo interno / _cOmar Messón. |
| 264 |
_aSanto Domingo : _bSantuario, _c2013. |
||
| 300 |
_a381 páginas ; _c24 cm. |
||
| 336 |
_2rdacontent _atexto _btxt |
||
| 337 |
_2rdamedia _asin mediación _bn |
||
| 338 |
_2rdacarrier _avolumen _bnc |
||
| 590 | _aInventariado,2018/DG | ||
| 942 |
_2ddc _cLBS1 |
||
| 999 |
_c46220 _d46220 |
||